Normal view
MARC view
- North America
Entry Geographic Name
001 - CONTROL NUMBER
- control field: 3156
003 - CONTROL NUMBER IDENTIFIER
- control field: OSt
005 - DATE AND TIME OF LATEST TRANSACTION
- control field: 20170511092113.0
008 - FIXED-LENGTH DATA ELEMENTS
- fixed length control field: 170511|| aca||aabn | a|a d
040 ## - CATALOGING SOURCE
- Original cataloging agency: OSt
- Transcribing agency: OSt
151 ## - HEADING--GEOGRAPHIC NAME
- Geographic name: North America
- General subdivision: Foreign relations
- Geographic subdivision: Asia
670 ## - SOURCE DATA FOUND
- Source citation: Work cat.: (OSt)0: North America & the Asia-Pacific in the 21st century :, 1999

PORTAL AKMAL
E-MEL JKDM
AKMAL2U
G-BAM
u-PUSTAKA